Bodas de cenizas

Guardado en:
Bibliografiske detaljer
Hovedforfatter: Palma, Milagros 1949-
Format: Documento de Gobierno Bog
Sprog:Spanish
Udgivet: Colombia Indigo Editores 1992
Udgivelse:1. edición
Serier:Primicias
Fag:
Tags: Tilføj Tag
Ingen Tags, Vær først til at tagge denne postø!

MARC

LEADER 00000nam a22000007a 4500
008 140127t1992 c |||| |||| 000 f spa d
020 |a 9586013901 
040 |a cru CIICLA Universidad de Costa Rica 
086 |a N863.4 P164b 
100 1 |9 75  |a Palma, Milagros  |d 1949- 
245 1 0 |a Bodas de cenizas  |c por Milagros Palma 
250 |a 1. edición 
260 |a Colombia  |b Indigo Editores  |c 1992 
300 |a 254 páginas 
490 0 |a Primicias 
650 1 0 |9 54  |a LITERATURA NICARAGUENSE  |v NOVELA 
942 |2 ddc  |c BK 
999 |c 3158  |d 3158